Представление документа в формате RUSMARC

ПолеНазваниеЗначение
  Тип записи a
  Библиографический уровень c
001 Контрольный номер RU/SLIB/B/208771073
005 Дата корректировки 20201206204302.2
010 Индекс ISBN __
d Цена 1-97
101 Язык документа __
a Язык текста rus
200 Заглавие и сведения об ответственности __
a Заглавие Памятники вечной славы
e Сведения, относящиеся к заглавию концепции и композиция
f Первые сведения об ответственности А. И. Азизян, И. В. Иванова
b Общее обозначение материала Текст
210 Выходные данные __
a Место издания М.
c Издательство Стройиздат
d Дата издания 1976
215 Физическое описание __
a Объем 208 с.
330 Аннотация __
a Аннотация Книга посвящена памятникам героям и жертвам борьбы с фашизмом во Второй мировой войне.
606 Тематические рубрики __
a Основная рубрика Изобразительное искусство и архитектура
606 Тематические рубрики __
a Основная рубрика Виды скульптуры
606 Тематические рубрики __
z Хронологическая подрубрика 20 в.
y Географическая подрубрика Россия
610 Ключевые слова __
a Ключевые слова архитектурные памятники; скульптурные памятники; памятные комплексы; скульптуры; мемориальные комплексы; тема войны; скульптурные композиции; памятники скульптуры
686 Индексы других классификаций __
a Классификационный индекс 85.136.1(2)
700 Автор __
a Фамилия Азизян
b Имя И. А.
4 Код отношения 070
702 Вторичная интеллектуальная ответственность _1
a Фамилия Иванова
b Имя И. В.
4 Код отношения Автор
801 Источник записи _0
a Страна RU
b Организация Муниципальное бюджетное учреждение культуры "Централизованная библиотечная система" г. Сургут (Центральная городская библиотека им. А. С. Пушкина)
g Правила каталогизации КиК/Елгина
801 Источник записи _1
a Страна RU
b Организация Муниципальное бюджетное учреждение культуры "Централизованная библиотечная система" г. Сургут (Центральная городская библиотека им. А. С. Пушкина)
g Правила каталогизации КиК/Елгина
852 Данные о местонахождении __
j Шифр хранения 85.136.1(2)
c Каталожный индекс 85.133(2)6
i Авторский знак А 35
p Инвентарный номер 59084(с); 50736(с)
901 Тип документа __
t Тип документа x
903 Характеристики (МАРС) __
a Дата передачи 20081031
969 Тип издания __
a Тип издания сборник
990 Данные о заказе (DOS) __
j Количество экземпляров (DOS) 2
t N записи в КСУ для И/У (DOS) ретро